000 00904nam a2200289Ia 4500
003 OSt
005 20220912150607.0
006 a|||||r|||| 00| 0
007 ta
008 220909b |||||||| |||| 00| 0 eng d
020 _a3540653406 (hbd)
024 _a15073
037 _b5545, 28/06/2005, Overseas Press (India) Pvt. Ltd.
037 _cTextual
040 _aCSL
_beng
_cCSL
041 _aeng
082 _aB37, P4 TB
100 _aBourbaki Nicolas
245 0 _aElements of matheamtics: functions of a real variable; elementary theory
260 _aBerlin
_bSpringer-Verlag
_c2004
300 _axiv, 338p.
_ccm.
500 _aBibliography p331.; Index 333-338p.
_ccm.
650 _a Real variable
650 _aMathematics
942 _hB37, P4 TB
_cTEXL
_2CC
999 _c50673
_d50673